| 000 | 00814cam a2200205 4500 | ||
|---|---|---|---|
| 001 | WB3725-04 | ||
| 008 | 000000n2001 000 0 eng u | ||
| 035 | _a(Sirsi) u113345 | ||
| 245 | _aBuilders fear £1bn fallout | ||
| 260 | _c2001 | ||
| 490 |
_aGuardian _v28 June 2001, 24(1) |
||
| 520 | _aThe collapse of Independent Insurance could cost the construction industry £1bn in personal injury claims going back several years. The Construction Confederation has been trying to assess the damage and deal with members queries following the serious fraud investigation of Independent's founder. | ||
| 590 | _aWB | ||
| 650 | _aINSURANCE POLICY | ||
| 650 | _aPERSONAL INJURY CLAIMS | ||
| 650 | _aCONSTRUCTION INDUSTRY | ||
| 650 | _aCONSTRUCTION CONFEDERATION | ||
| 690 | _aBUILT ENVIRONMENT | ||
| 942 | _n0 | ||
| 999 |
_c67525 _d67525 |
||